The Physical Universe: (Record no. 3668)

MARC details
000 -LEADER
fixed length control field 00770cam a2200253 a 4500
001 - CONTROL NUMBER
control field 2316327
003 - CONTROL NUMBER IDENTIFIER
control field OSt
005 - DATE AND TIME OF LATEST TRANSACTION
control field 20191022122045.0
008 - FIXED-LENGTH DATA ELEMENTS--GENERAL INFORMATION
fixed length control field 820825s1982 cauaf 001 0 eng
010 ## - LIBRARY OF CONGRESS CONTROL NUMBER
LC control number 81051271
020 ## - INTERNATIONAL STANDARD BOOK NUMBER
International Standard Book Number 0935702059
040 ## - CATALOGING SOURCE
Original cataloging agency DLC
Transcribing agency DLC
Modifying agency DLC
050 00 - LIBRARY OF CONGRESS CALL NUMBER
Classification number QB43.2
Item number .S54 1982
082 00 - DEWEY DECIMAL CLASSIFICATION NUMBER
Classification number 520
Edition number 19
Item number SHU 1982
100 1# - MAIN ENTRY--PERSONAL NAME
Personal name Shu, Frank H.
9 (RLIN) 7954
245 14 - TITLE STATEMENT
Title The Physical Universe:
Remainder of title an introduction to astronomy
260 ## - PUBLICATION, DISTRIBUTION, ETC. (IMPRINT)
Place of publication, distribution, etc. Mill Valley, Calif;
Name of publisher, distributor, etc. University Science Books,
Date of publication, distribution, etc. 1982.
300 ## - PHYSICAL DESCRIPTION
Extent xi, 584 p., [16] p. of plates :
Other physical details col.ill ;
Dimensions 29 cm.
440 #2 - SERIES STATEMENT/ADDED ENTRY--TITLE
Title A Series of books in astronomy
9 (RLIN) 8155
500 ## - GENERAL NOTE
General note Includes index.
650 #0 - SUBJECT ADDED ENTRY--TOPICAL TERM
Topical term or geographic name as entry element Astronomy.
9 (RLIN) 3586
906 ## - LOCAL DATA ELEMENT F, LDF (RLIN)
a 7
b cbc
c orignew
d 2
e ocip
f 19
g y-gencatlg
942 ## - ADDED ENTRY ELEMENTS (KOHA)
Source of classification or shelving scheme Dewey Decimal Classification
Koha item type Short Loan
Holdings
Withdrawn status Lost status Source of classification or shelving scheme Damaged status Not for loan Home library Current library Date acquired Inventory number Total Checkouts Full call number Barcode Date last seen Price effective from Koha item type Source of acquisition Date last checked out
    Dewey Decimal Classification     MUST Main Library MUST Main Library 20/04/2016 2002/17505   520 SHU 1982 2016-1109 20/04/2016 20/04/2016 Short Loan    
    Dewey Decimal Classification     MUST Main Library MUST Main Library 20/04/2016 2002/17504   520 SHU 1982 2016-1110 20/04/2016 20/04/2016 Short Loan    
    Dewey Decimal Classification     MUST Main Library MUST Main Library 21/04/2016 2002/17506   520 SHU 1982 2016-1133 21/04/2016 21/04/2016 Short Loan    
    Dewey Decimal Classification     MUST Main Library MUST Main Library   12/36374 1 520 SHU 1982 2024-20601 18/11/2025   Open Shelf Purchase 14/02/2025
    Dewey Decimal Classification     MUST Main Library MUST Main Library   13/37167   520 SHU 1982 2024-20603 17/06/2024   Open Shelf Purchase  
    Other/Generic Classification Scheme     MUST Main Library MUST Main Library   13/37020   520 SHU 1982 2024-20777 18/06/2024   Open Shelf Purchase  
    Dewey Decimal Classification     MUST Main Library MUST Main Library 19/06/2024 2014/38407   520 SHU 1982 2024-20888 19/06/2024 19/06/2024 Open Shelf Purchase  
    Dewey Decimal Classification     MUST Main Library MUST Main Library 20/06/2024 13/37021   520 SHU 1982 2024-20954 20/06/2024 20/06/2024 Short Loan Purchase